000 00424nam a2200157 i 4500
001 41223
003 ES-MaACL
005 20230906160409.0
007 t|
008 030310s1963 sp ||||1| spa d
100 1 _aCarvajal, Luis Fernando.
_935938
245 1 0 _aNieblas de mi alma /
_cLuis Fernando Carvajal.
260 _aMadrid :
_b[Benzal,
_c1963]
300 _a115 p. ;
_c24 cm.
852 _aES-MaACL
_jC-23986
_bR.52431
999 _c41223
_d41223